Bandit years : a gathering of wolves /

Bibliographic Details
Main Author: Dugan, Mark, 1941-
Format: Book
Language:English
Published: Santa Fe, N.M. : Sunstone Press, 1987.
Edition:1st ed.
Series:Western legacy history series.
Subjects:

MARC

Tag First Indicator Second Indicator Subfields
LEADER 00000cam a2200000 a 4500
001 in00000014301
005 20151007052201.0
008 861117s1987 nmuabc b 00110deng
010 |a  86030045  
020 |a 086534101X (pbk.) :  |c $10.95 
035 |a (OCoLC)14905869 
035 |9 AAA6665AM 
040 |a DLC  |c DLC  |d TXA  |d UtOrBLW 
043 |a n-us-co 
049 |a TXAM  |c [A12578951] 
050 0 0 |a HV6661.C6  |b D84 1987 
082 0 |a 364.1/552/09788  |2 19 
100 1 |a Dugan, Mark,  |d 1941- 
245 1 0 |a Bandit years :  |b a gathering of wolves /  |c Mark Dugan. 
250 |a 1st ed. 
264 1 |a Santa Fe, N.M. :  |b Sunstone Press,  |c 1987. 
300 |a 128 pages :  |b illustrations, map, portraits ;  |c 22 cm. 
336 |a text  |b txt  |2 rdacontent 
337 |a unmediated  |b n  |2 rdamedia 
338 |a volume  |b nc  |2 rdacarrier 
490 1 |a Western legacy history series 
504 |a Bibliography: pages 122-125. 
500 |a Includes index. 
650 0 |a Brigands and robbers  |z Colorado  |x History  |y 19th century. 
610 2 0 |a Barlow and Sanderson Company  |x History  |y 19th century. 
830 0 |a Western legacy history series. 
999 |a MARS 
999 f f |s d0ff5add-70ee-3625-b012-258f5f951259  |i ff01a8e0-c209-3808-9438-81352610d72f  |t 0 
952 f f |p ric  |a Texas A&M University  |b Rellis Campus  |c Joint Library Facility  |d Remote Storage  |t 0  |e HV6661.C6 D84 1987  |h Library of Congress classification  |i unmediated -- volume  |m A14812578951 
998 f f |a HV6661.C6 D84 1987  |t 0  |l Remote Storage